LEADER 00848nam0-22003011i-450- 001 990006496380403321 005 20001010 035 $a000649638 035 $aFED01000649638 035 $a(Aleph)000649638FED01 035 $a000649638 100 $a20001010d--------km-y0itay50------ba 101 0 $aita 105 $ay-------001yy 200 1 $aWestern Sahara$ea comprehensive bibliography$fLynn F. Sipe 210 $aNew York-London$cGarland Publ. Inc.$d1984. 215 $aXXXIV, 418 p.$d21 cm 225 1 $aGarland reference library of social science$v178 676 $a016.964 700 1$aSipe,$bLynn F.$0244649 801 0$aIT$bUNINA$gRICA$2UNIMARC 901 $aBK 912 $a990006496380403321 952 $aCOLLEZ. 1103 (178)$b234$fFSPBC 959 $aFSPBC 996 $aWestern Sahara$9654340 997 $aUNINA DB $aGEN01 LEADER 01638nas 2200517-a 450 001 996212139803316 005 20240130213016.0 011 $a2168-1384 035 $a(DE-599)ZDB2137991-9 035 $a(OCoLC)49791910 035 $a(CKB)111021054778024 035 $a(CONSER)--2012250710 035 $a(EXLCZ)99111021054778024 100 $a20020515b19771978 --- a 101 0 $aeng 135 $aurbn||||||||| 181 $ctxt$2rdacontent 182 $cc$2rdamedia 183 $acr$2rdacarrier 200 00$aBoston College international and comparative law journal 210 $a[Newton Centre, Mass.] $cBoston College School of Law$d1977-1978 311 $a0161-2832 517 1 $aInternational and comparative law journal 517 1 $aB.C. Int'l. & Comp. L.J. 531 $aBOSTON COLLEGE INTERNATIONAL & COMPARATIVE LAW JOURNAL 606 $aInternational law$vPeriodicals 606 $aComparative law$vPeriodicals 606 $aComparative law$2fast$3(OCoLC)fst00871350 606 $aInternational law$2fast$3(OCoLC)fst00976984 608 $aLaw reviews$2fast 608 $aPeriodicals.$2fast 608 $aLaw reviews.$2lcgft 608 $aPeriodicals.$2lcgft 610 $aLaw, General & Comparative 615 0$aInternational law 615 0$aComparative law 615 7$aComparative law. 615 7$aInternational law. 676 $a340 676 $a340/.05 686 $a86.80$2bcl 712 02$aBoston College.$bLaw School. 906 $aJOURNAL 912 $a996212139803316 996 $aBoston College international and comparative law journal$92237556 997 $aUNISA